Apantle : (Record no. 210732)

MARC details
000 -CABECERA
campo de control de longitud fija 00983nam a2200265 a 4500
003 - IDENTIFICADOR DEL NÚMERO DE CONTROL
campo de control MX-MxUPN
005 - FECHA Y HORA DE LA ÚLTIMA TRANSACCIÓN
campo de control 20240110102930.0
007 - CAMPO FIJO DE DESCRIPCIÓN FÍSICA--INFORMACIÓN GENERAL
campo de control de longitud fija cr
008 - ELEMENTOS DE LONGITUD FIJA--INFORMACIÓN GENERAL
campo de control de longitud fija 240110s2018 mx o||||o|||| 000 0 spa d
040 ## - FUENTE DE LA CATALOGACIÓN
Centro catalogador/agencia de origen MX-MxUPN
Lengua de catalogación spa
Centro/agencia transcriptor MX-MxUPN
Normas de descripción aacr2
041 0# - CÓDIGO DE IDIOMA
Código de lengua del texto/banda sonora o título independiente spa
050 14 - SIGNATURA TOPOGRÁFICA DE LA BIBLIOTECA DEL CONGRESO
Número de clasificación SB319.3 M6
100 1# - ASIENTO PRINCIPAL--NOMBRE PERSONAL
Nombre de persona Sanz, Nuria
9 (RLIN) 46921
100 1# - ASIENTO PRINCIPAL--NOMBRE PERSONAL
Nombre de persona Delmont, Felipe
9 (RLIN) 50769
100 1# - ASIENTO PRINCIPAL--NOMBRE PERSONAL
Nombre de persona Panero, Ángel
100 1# - ASIENTO PRINCIPAL--NOMBRE PERSONAL
Nombre de persona Muñoz, Inti
9 (RLIN) 50767
245 10 - MENCIÓN DE TÍTULO
Título Apantle :
Resto del título reflexiones sobre el paisaje urbano histórico chinampero de la Ciudad de México
Medio [recurso electrónico en línea]
260 ## - PUBLICACIÓN, DISTRIBUCIÓN, ETC.
Lugar de publicación, distribución, etc. Ciudad de México :
Nombre del editor, distribuidor, etc. Oficina de la Unesco en México,
Fecha de publicación, distribución, etc. 2018.
300 ## - DESCRIPCIÓN FÍSICA
Extensión 1 recurso en línea (237 páginas) :
Otras características físicas PDF, fotografías
506 0# - NOTA DE RESTRICCIONES AL ACCESO
Limitaciones de acceso Acceso abierto.
650 #4 - ASIENTO SECUNDARIO DE MATERIA - TERMINO TEMATICO
Término de materia o nombre geográfico como elemento de entrada Chinampas
Subdivisión geográfica Ciudad de México
9 (RLIN) 50770
856 40 - LOCALIZACIÓN Y ACCESO ELECTRÓNICOS
Identificador Uniforme del Recurso <a href="https://unesdoc.unesco.org/ark:/48223/pf0000366308?posInSet=16&queryId=N-3bb688e9-ce59-4c49-b223-7131795aee05">https://unesdoc.unesco.org/ark:/48223/pf0000366308?posInSet=16&queryId=N-3bb688e9-ce59-4c49-b223-7131795aee05</a>
902 ## - ELEMENTOS DE DATOS B LOCAL, LDB (RLIN)
Creó Víctor Ruiz/100124
942 ## - ELEMENTOS DE PUNTO DE ACCESO ADICIONAL (KOHA)
Fuente del sistema de clasificación o colocación Library of Congress Classification
Tipo de ítem Koha Libro Electrónico
Holdings
Estado de retiro Estado de pérdida Fuente del sistema de clasificación o colocación Estado dañado No para préstamo Código de colección Localización permanente Ubicación/localización actual Ubicación en estantería Fecha de adquisición Total de préstamos Clasificación Fecha visto por última vez Identificador Uniforme del Recurso Precio válido a partir de Tipo de ítem Koha
    Library of Congress Classification     Acceso abierto Bib. Gregorio Torres Quintero Bib. Gregorio Torres Quintero En línea 10/01/2024   SB319.3 M6 10/01/2024 https://unesdoc.unesco.org/ark:/48223/pf0000366308?posInSet=16&queryId=N-3bb688e9-ce59-4c49-b223-7131795aee05 10/01/2024 Libro Electrónico